000
00249nam a2200097Ia 4500
001
1250967
005
20251031150906.0
008
251031s9999 xx 000 0 und d
245
0
_c
ANITA GANERİ
_a
İ-4 DERİN OKYANUSLAR
260
_b
TİMAŞ YAYINLARI
999
_c
1250967
_d
1250967